MyGZULibrary

Journey across the life span : (Record no. 11182)

MARC details
000 -LEADER
fixed length control field 01888cam a22004934a 4500
001 - CONTROL NUMBER
control field 16243243
003 - CONTROL NUMBER IDENTIFIER
control field GZU
005 - DATE AND TIME OF LATEST TRANSACTION
control field 20240402124156.0
008 - FIXED-LENGTH DATA ELEMENTS--GENERAL INFORMATION
fixed length control field 100518s2011 paua b 001 0 eng
010 ## - LIBRARY OF CONGRESS CONTROL NUMBER
LC control number 2010020983
016 7# - NATIONAL BIBLIOGRAPHIC AGENCY CONTROL NUMBER
Record control number 101531187
Source DNLM
020 ## - INTERNATIONAL STANDARD BOOK NUMBER
International Standard Book Number 9780803623163
020 ## - INTERNATIONAL STANDARD BOOK NUMBER
International Standard Book Number 080362316X
022 ## - INTERNATIONAL STANDARD SERIAL NUMBER
International Standard Serial Number No number
035 ## - SYSTEM CONTROL NUMBER
System control number (OCoLC)ocn624405695
040 ## - CATALOGING SOURCE
Original cataloging agency DNLM/DLC
Transcribing agency DLC
Modifying agency YDX
-- NLM
-- YDXCP
-- DLC
042 ## - AUTHENTICATION CODE
Authentication code pcc
050 00 - LIBRARY OF CONGRESS CALL NUMBER
Classification number RT69
Item number POL 2011
060 00 - NATIONAL LIBRARY OF MEDICINE CALL NUMBER
Classification number 2010 L-642
060 10 - NATIONAL LIBRARY OF MEDICINE CALL NUMBER
Classification number WS 103
Item number P762j 2011
082 00 - DEWEY DECIMAL CLASSIFICATION NUMBER
Classification number 613
Edition number 22
100 1# - MAIN ENTRY--PERSONAL NAME
Personal name Polan, Elaine,
Dates associated with a name 1944-
Relator term author
245 10 - TITLE STATEMENT
Title Journey across the life span :
Remainder of title human development and health promotion /
Statement of responsibility, etc. Elaine U. Polan, Daphne R. Taylor.
250 ## - EDITION STATEMENT
Edition statement Fourth edition
260 ## - PUBLICATION, DISTRIBUTION, ETC.
Place of publication, distribution, etc. Philadelphia, PA:
Name of publisher, distributor, etc. F.A. Davis Co,
Date of publication, distribution, etc. c2011.
300 ## - PHYSICAL DESCRIPTION
Extent xi, 264pages:
Other physical details coloured illustrations.;
Dimensions 26cm.
504 ## - BIBLIOGRAPHY, ETC. NOTE
Bibliography, etc. note Includes bibliographical references and index.
505 0# - FORMATTED CONTENTS NOTE
Formatted contents note Healthy lifestyles -- Culture -- The family -- Communication -- Theories of growth and development -- Prenatal period to 1 year -- Toddlerhood -- Preschool -- School age -- Puberty and adolescence -- Early adulthood -- Middle adulthood -- Late adulthood -- Death and dying.
520 ## - SUMMARY, ETC.
Summary, etc. Human development and health promotion
650 #0 - SUBJECT ADDED ENTRY--TOPICAL TERM
Topical term or geographic name entry element Life cycle, Human.
650 #0 - SUBJECT ADDED ENTRY--TOPICAL TERM
Topical term or geographic name entry element Health promotion.
650 #0 - SUBJECT ADDED ENTRY--TOPICAL TERM
Topical term or geographic name entry element Practical nursing.
650 12 - SUBJECT ADDED ENTRY--TOPICAL TERM
Topical term or geographic name entry element Human Development.
650 22 - SUBJECT ADDED ENTRY--TOPICAL TERM
Topical term or geographic name entry element Health Promotion.
650 22 - SUBJECT ADDED ENTRY--TOPICAL TERM
Topical term or geographic name entry element Life Style.
650 22 - SUBJECT ADDED ENTRY--TOPICAL TERM
Topical term or geographic name entry element Nurse's Role.
650 22 - SUBJECT ADDED ENTRY--TOPICAL TERM
Topical term or geographic name entry element Nurses' Instruction.
650 22 - SUBJECT ADDED ENTRY--TOPICAL TERM
Topical term or geographic name entry element Nursing, Practical
General subdivision methods.
700 1# - ADDED ENTRY--PERSONAL NAME
Personal name Taylor, Daphne,
Dates associated with a name 1944-
906 ## - LOCAL DATA ELEMENT F, LDF (RLIN)
a 7
b cbc
c orignew
d 1
e ecip
f 20
g y-gencatlg
942 ## - ADDED ENTRY ELEMENTS (KOHA)
Source of classification or shelving scheme Library of Congress Classification
Koha item type Books
Edition Fourth edition
Classification part 69
Item part POL
Call number prefix RT
Holdings
Withdrawn status Lost status Source of classification or shelving scheme Damaged status Not for loan Home library Current library Shelving location Date acquired Source of acquisition Total Checkouts Full call number Barcode Date last seen Copy number Price effective from Koha item type
    Library of Congress Classification     Medical Library Medical Library General Stacks 04/02/2024 Donation   RT69POL 2011 033203 04/02/2024 c.1 04/02/2024 Books